Normal view
MARC view
Entry Personal Name
001 - CONTROL NUMBER
- control field: 16616
003 - CONTROL NUMBER IDENTIFIER
- control field: BD-RjUL
005 - DATE AND TIME OF LATEST TRANSACTION
- control field: 20250814143144.0
008 - FIXED-LENGTH DATA ELEMENTS
- fixed length control field: 250814|| aca||aabn | a|a d
040 ## - CATALOGING SOURCE
- Original cataloging agency: BD-RjUL
- Transcribing agency: BD-RjUL
100 ## - HEADING--PERSONAL NAME
- Personal name: Rahmatullah, Shahabuddin
670 ## - SOURCE DATA FOUND
- Source citation: Work cat.: (BD-RjUL)85544: Rahmatullah, Shahabuddin, Art in Urdu Poetry /, 1954